Hạt giống của rồng

Đã lưu trong:
书目详细资料
主要作者: PEARL S BUCK
格式: 图书
语言:Undetermined
出版: Văn nghệ Tp HCM 2001
标签: 添加标签
没有标签, 成为第一个标记此记录!
Thư viện lưu trữ: Trung tâm Học liệu Trường Đại học Cần Thơ
LEADER 00420nam a2200145Ia 4500
001 CTU_49050
008 210402s9999 xx 000 0 und d
082 |a 813.52 
082 |b B922g 
100 |a PEARL S BUCK 
245 0 |a Hạt giống của rồng 
245 0 |c PEARL S BUCK, Văn Hòa, Nhất Anh 
260 |b Văn nghệ Tp HCM 
260 |c 2001 
980 |a Trung tâm Học liệu Trường Đại học Cần Thơ